| 000 | 00592nam a22001697a 4500 | ||
|---|---|---|---|
| 020 | _a9789695570265 | ||
| 082 | _a340.5901 NYA | ||
| 100 | _aNyazee, Imran Ahsan Khan | ||
| 245 |
_aTheories of Islamic Law: _bThe Methodology of Ijtihad / _cImran Ahsan Khan Nyazee |
||
| 260 |
_aRawalpindi : _bFederal Law House, _c2007. |
||
| 300 |
_a427 p. ; _c21 cm. |
||
| 650 |
_aNLS2024, NLSETEXTBOOK, NLSEBOOKBANK, ISLAMIC JURISPRUDENCE _9126924 |
||
| 856 | _uhttp://10.250.8.41:8080/xmlui/handle/123456789/47943 | ||
| 942 |
_2ddc _cBK |
||
| 999 |
_c586931 _d586931 |
||